Судний день (Запис № 17691)

000 -Маркер запису
Контрольне поле сталої довжини 02745nam a22002537a 4500
003 - Належність контрольного номера
Контрольне поле Uzh_bibl
008 - Кодовані дані
Контрольне поле сталої довжини 260508b |||||||| |||| 00| 0 ukr d
020 ## - Індекс ISBN
ISBN 978-966-637-812-8
Ціна 74.00
040 ## - Джерело каталогіз.
Код мови каталог. укр.
041 ## - Код мови видання
Код мови оригіналу українська
Код мови тексту українська
080 ## - Індекс УДК
Індекс УДК 821(477)
090 ## - Шифри
Поличний індекс 821(477)
Авторський знак Я 73
100 ## - Автор
Автор Яріш,Ярослав
245 ## - Назва
Назва Судний день
Відповідальність худож. -оформлювач Л. П. Вировець
Фізичний носій Текст
260 ## - Вихідні дані
Місце видання Харків
Видавництво Факт
Дата видання 2016
300 ## - Фізичний опис
Обсяг 300 с.
Тип одиниці В опр.
520 ## - Анотація
Анотація "Гомоніла Україна,<br/><br/>Довго гомоніла,<br/><br/>Довго, довго кров степами<br/><br/>Текла-червоніла"...<br/><br/>Зі шкільної парти ми пам'ятаємо, як Шевченко у своїй безсмертній поемі "Гайдамаки" "скликав" у Холодний Яр відважне гайдамацтво, а ми з хвилюванням слідкували за долями Гонти, Залізняка і Яреми Галайди. Та чи було все саме так, як описував Великий Кобзар? Як зараз нам ставитися до кривавих подій Коліївщини? Що це було: стихійне повстання українського селянства, спланована війна за відновлення незалежності Української Держави чи "багатоходівка" Російської імперії?<br/><br/>На це питання дає відповідь новий роман Ярослава Яріша "Судний день". Його сюжет заводить нас у жорстоке XVIII століття, де поміж темних пущ Холодного Яру та глибоких байраків запорозького степу кувалися свячені ножі, у той час як у замках і палацах жирувало знавісніле від безкарності панство. Ось-ось "заспівають треті півні", впаде іскра у порох і велике пожарище затопить всю Україну, спом'янувши горді часи Хмельницького і Палія.<br/><br/>Усе ніби й просто... Але була ще й третя сила...
521 ## - Примітка про цільове призначення
Примітка про цільове призначення Для широкого кола читачів
546 ## - Примітка про мову
Примітка про мову укр.
650 ## - Тематичні рубрики
Основна рубрика Літературно-художнє видання
653 ## - Ключові слова
Ключові слова Холодний Яр
-- Часи Хмельницького
655 ## - Термін індексування — жанр/форма
Жанр/форма Сучасна проза
Типове ділення Роман
Хронологічне ділення XVIII ст.
Географічне діленння Україна
942 ## - ADDED ENTRY ELEMENTS (KOHA)
Джерело класифікації чи схема поличного розташування
Koha item type Книги
Фонди
Статус вилучення Статус втрати/відсутності Джерело класифікації чи схема поличного розташування Статус пошкодження Тип обігу (не для випозичання) Постійне розташування Поточне розташування Розташування у відділі Дата надходження Інвентарний номер Total Checkouts Повний (примірниковий) шифр зберігання Штрих-код Date last seen Дата, для якої чинна ціна заміни Тип одиниці (рівень примірника)
          Бібліотека-філія №3 Бібліотека-філія №3 Абонемент старший відділ 08/05/2026 67935   821(477) 4236 08/05/2026 08/05/2026 Книги

Працює на АБІС Коха